000 01467nam a2200277Ia 4500
005 20220317001124.0
008 160825s2007 sp a g 000 0 spa
020 _a97884801958012
082 0 4 _a796.323
_bK17c
100 1 _aKarl, George
245 1 0 _a101 ejercicios defensivos de baloncesto
_cGeorge Karl, Terry Stotts, Price Johnson ; traducción Eduardo Margaretto Kohrmann
250 _a2a. edición
_b1a. reimpresión
300 _a142 páginas
_bilustraciones
_c22 cm
505 _acapítulo 1. Ejercicios para la transición defensiva. -- capítulo 2. Ejercicios para la defensa al hombre. -- capítulo 3. Ejercicios para el trabajo de pies. -- capítulo 4. Ejercicios para la defensa en zona. -- capítulo 5. Ejercicios defensivos en toda la pista. -- capítulo 6. ejercicios de uno contra uno. -- capítulo 7. Ejercicios de rebote. -- capítulo 8. Ejercicios para la defensa en los postes. -- capítulo 9. Defender los bloqueos. -- capítulo 10. Ejercicios de cambios de marcaje
650 1 4 _2LEMB
_aBaloncesto
_xEnseñanza elemental
650 1 4 _2LEMB
_aBaloncesto
_xEstrategia y técnicas
650 1 4 _2LEMB
_aJuegos de pelota
700 1 _aStotts, Terry
_966447
700 1 _aMargaretto Kohrmann, Eduardo
_966448
942 _2ddc
_cBK
264 _aBarcelona
_bPaidotribo
_c2007
336 _atexto
_btxt
_2rdacontent
337 _asin mediación
_bn
_2rdamedia
338 _avolumen
_bnc
_2rdacarrier
040 _aCO-BoRNBP
_bspa
_erda
_cCO-BoRNBP
999 _c5993
_d5993